[Event "Nittenau-ch 12th"]
[Site "Nittenau"]
[Date "2012.09.15"]
[Round "2"]
[White "Enders, Christian"]
[Black "Lipok, Christoph"]
[Result "0-1"]
[WhiteElo "1685"]
[BlackElo "2267"]
[PlyCount "68"]
[EventDate "2012.09.14"]
[EventType "swiss"]
[EventRounds "5"]
[EventCountry "GER"]
[SourceTitle "EXT 2022"]
[Source "ChessBase"]
[SourceDate "2021.10.06"]
[SourceVersion "1"]
[SourceVersionDate "2021.10.06"]
[SourceQuality "1"]

1. d4 f5 2. g3 Nf6 3. Bg2 g6 4. Nf3 Bg7 5. 0-0 0-0 6. c4 d6 7. b3 Na6 8. Bb2 Rb8 9. Nc3 c6 10. a4 Qe8 11. Re1 h6 12. h4 f4 13. gxf4 Nh5 14. e3 Bf5 15. Qd2 Nb4 16. Re2 a5 17. d5 Bg4 18. Ne4 Bxb2 19. Qxb2 cxd5 20. cxd5 Nxd5 21. Rd2 Ndf6 22. Nxf6+ Nxf6 23. Rc1 Ne4 24. Rd4 Nc5 25. Nd2 b5 26. Qa3 Qf7 27. axb5 Rxb5 28. Bd5 Be6 29. Bc4 Bxc4 30. bxc4 Rb6 31. Ne4 Nb3 32. Rb1 Nxd4 33. Rxb6 Nf3+ 34. Kh1 Qf5 0-1

[Event "Schwarzach op 27th"]
[Site "Schwarzach"]
[Date "2012.08.21"]
[Round "4"]
[White "Bukal, Vladimir Jr"]
[Black "Lipok, Christoph"]
[Result "1-0"]
[WhiteElo "2418"]
[BlackElo "2197"]
[PlyCount "57"]
[EventDate "2012.08.18"]
[EventType "swiss"]
[EventRounds "9"]
[EventCountry "AUT"]
[SourceTitle "CBM 150 Extra"]
[Source "ChessBase"]
[SourceDate "2012.10.19"]
[SourceVersion "1"]
[SourceVersionDate "2012.10.19"]
[SourceQuality "1"]

1. d4 f5 2. g3 Nf6 3. Bg2 g6 4. c4 Bg7 5. Nc3 d6 6. Nh3 0-0 7. 0-0 Qe8 8. Re1 Qf7 9. e4 Nxe4 10. Nxe4 fxe4 11. Rxe4 Bf5 12. Rh4 Qxc4 13. Be3 Qb5 14. Bf1 Qxb2 15. Bc4+ Kh8 16. Ng5 h6 17. Nf7+ Rxf7 18. Bxf7 Kh7 19. Bb3 Nc6 20. Rc1 Rf8 21. g4 Be4 22. Bc2 Nxd4 23. Bxe4 Ne2+ 24. Kh1 Nxc1 25. Qxc1 Qxc1+ 26. Bxc1 Rxf2 27. Bxh6 Rxa2 28. Bg5+ Kg8 29. Bd5+ 1-0

[Event "Deizisau op 6th"]
[Site "Deizisau"]
[Date "2011.10.31"]
[Round "6"]
[White "Gheng, Josef"]
[Black "Lipok, Christoph"]
[Result "1-0"]
[WhiteElo "2346"]
[BlackElo "2183"]
[PlyCount "83"]
[EventDate "2011.10.29"]
[EventType "swiss"]
[EventRounds "7"]
[EventCountry "GER"]
[SourceTitle "EXT 2012"]
[Source "ChessBase"]
[SourceDate "2011.11.24"]
[SourceVersion "1"]
[SourceVersionDate "2011.11.24"]
[SourceQuality "1"]

1. e4 c6 2. d4 d5 3. Nc3 dxe4 4. Nxe4 Bf5 5. Ng3 Bg6 6. Nf3 Nd7 7. Bc4 e6 8. 0-0 Nb6 9. Bb3 a5 10. a3 Nf6 11. Qe2 Be7 12. Rd1 0-0 13. Ne5 Qc7 14. h4 a4 15. Ba2 Nfd7 16. Nxd7 Qxd7 17. h5 Bf5 18. Nxf5 exf5 19. h6 Rfe8 20. hxg7 Bf6 21. Qh5 Re4 22. c3 Rh4 23. Qf3 Bxg7 24. Bb1 Ra5 25. Bf4 Nc4 26. Ba2 Nd6 27. d5 c5 28. g3 Rg4 29. Bxd6 Qxd6 30. Qxf5 Rg6 31. Kg2 Ra8 32. Bb1 Be5 33. Qh5 Rg7 34. Qf3 Rd8 35. Be4 f5 36. Bxf5 Rf8 37. Rd3 c4 38. Re3 Bf4 39. Re6 Qb8 40. Rae1 h5 41. d6 Bxd6 42. Qd5 1-0